00503nam a2200205 a 4500001001300000003000900013005001700022008004100039020001200080082001500092100001200107245002300119260003200142300000900174500003500183505001000218650003800228650001900266700001200285nice12345678IN_TiNIC20260116013140.0050524s1979 lona grp 000 0 eng  ac332.500a297.4bHAF aHafiz,  aTeachings of Hafiz aLondonbOctagon Pressc1979 a186p aincludes index and biblioraphy2 aIndex aDiwan-E-Hafiz-English Translation aSufism-Persian1 aHafiz,